[Event "Foxwoods Open"]
[Site "Ledyard, CT"]
[Date "2009.04.08"]
[Round "1"]
[White "Betaneli, Aleksandr"]
[Black "Lucente, Mike"]
[Result "1-0"]
[WhiteElo "2325"]
[BlackElo "2010"]
[PlyCount "67"]
[EventDate "2009.04.??"]
[EventRounds "9"]
[EventCountry "USA"]
[Source "MonRoi"]

1. e4 c5 2. Nf3 e6 3. b3 Nc6 4. Bb5 Nge7 5. Bb2 a6 6. Bxc6 Nxc6 7. O-O d6 8. d4
cxd4 9. Nxd4 Bd7 10. Re1 Qa5 11. Nd2 Nxd4 12. Bxd4 b5 13. a4 e5 14. axb5 Qxb5
15. Be3 Be6 16. Ra4 Be7 17. c4 Qb7 18. Qc2 O-O 19. Rea1 Bd7 20. R4a2 Bc6 21. f3
g6 22. Qd3 f5 23. Rb1 Kh8 24. b4 fxe4 25. fxe4 Rfc8 26. Rab2 Bd7 27. Nb3 Be6
28. Nd2 Qc7 29. Rc2 Kg7 30. Rbc1 Qc6 31. Nf3 h6 32. c5 Qb5 33. Qd2 dxc5 34.
Bxh6+ 1-0

[Event "Foxwoods Open"]
[Site "Ledyard, CT"]
[Date "2009.04.08"]
[Round "1"]
[White "Kacheishvili, Giorgi"]
[Black "Dougherty, Michael"]
[Result "1/2-1/2"]
[WhiteElo "2647"]
[BlackElo "2263"]
[PlyCount "65"]
[EventDate "2009.04.??"]
[EventRounds "9"]
[EventCountry "USA"]
[Source "MonRoi"]

1. d4 g6 2. e4 Bg7 3. Nf3 d6 4. Bd3 c6 5. O-O Nf6 6. Re1 O-O 7. c3 Nbd7 8. a4
a5 9. Na3 e5 10. Bg5 h6 11. Bh4 Re8 12. Nc4 Qc7 13. Bc2 Bf8 14. Qd2 b5 15. axb5
cxb5 16. Na3 Ba6 17. Bd3 Qb7 18. d5 Nh5 19. Bg3 Nc5 20. b4 axb4 21. cxb4 Nb3
22. Qe2 Nxg3 23. hxg3 Nxa1 24. Rxa1 Rec8 25. Nd2 Qb6 26. Rb1 Rab8 27. Nb3 Rc3
28. Nc2 Bc8 29. Qd2 Rc7 30. Na5 Bd7 31. Nc6 Rxc6 32. dxc6 Bxc6 33. Ra1 1/2-1/2

[Event "Foxwoods Open"]
[Site "Ledyard, CT"]
[Date "2009.04.08"]
[Round "1"]
[White "Karklins, Andrew"]
[Black "Shabalov, Alexander"]
[Result "0-1"]
[WhiteElo "2250"]
[BlackElo "2625"]
[PlyCount "118"]
[EventDate "2009.04.??"]
[EventRounds "9"]
[EventCountry "USA"]
[Source "MonRoi"]

1. e4 c5 2. Nf3 d6 3. d4 cxd4 4. Nxd4 Nf6 5. Nc3 a6 6. Qf3 Nbd7 7. Be3 g6 8.
O-O-O Bg7 9. Be2 O-O 10. Qg3 Qc7 11. h4 h5 12. Bg5 e6 13. Nb3 b5 14. a3 Bb7 15.
Qxd6 Rac8 16. f3 Ne5 17. Qxc7 Rxc7 18. Rd2 Nfd7 19. Rhd1 f6 20. Be3 Bc8 21. Kb1
Re8 22. a4 b4 23. Na2 Bf8 24. c3 bxc3 25. Rc2 Rb7 26. Rxc3 Rb8 27. Rdc1 f5 28.
f4 Ng4 29. Bxg4 hxg4 30. Na5 Nf6 31. Nc6 Ra8 32. Ne5 Bb7 33. exf5 gxf5 34. g3
Be4+ 35. Ka1 Nd5 36. Rb3 Rac8 37. a5 Bc2 38. Rc3 Rxc3 39. bxc3 Nxe3 40. Nd7 Rd8
41. Nxf8 Kxf8 42. Nb4 Be4 43. c4 Rb8 44. Nxa6 Ra8 45. Nc7 Rxa5+ 46. Kb2 Ke7 47.
Kb3 Rc5 48. Nb5 Bc2+ 49. Rxc2 Nxc2 50. Kxc2 Rxc4+ 51. Kd3 Re4 52. Nc3 Re1 53.
Ne2 Kd6 54. Kd2 Rf1 55. Ke3 Kd5 56. Nc3+ Kc4 57. Ne2 Rf3+ 58. Kd2 Ra3 59. Ke1
Kd3 0-1

[Event "Foxwoods Open"]
[Site "Ledyard, CT"]
[Date "2009.04.08"]
[Round "1"]
[White "Mac Intyre, Paul"]
[Black "Vaughan, John"]
[Result "1-0"]
[WhiteElo "2300"]
[BlackElo "1899"]
[PlyCount "63"]
[EventDate "2009.04.??"]
[EventRounds "9"]
[EventCountry "USA"]
[Source "MonRoi"]

1. e4 e5 2. Nf3 Nc6 3. Bc4 Nf6 4. d3 Bc5 5. c3 d6 6. Bb3 h6 7. Nbd2 O-O 8. Nf1
d5 9. Qe2 Be6 10. Ng3 Re8 11. O-O a5 12. Ba4 Nd7 13. Be3 Bf8 14. Rfd1 g6 15. d4
exd4 16. Nxd4 Nxd4 17. cxd4 c6 18. e5 Qh4 19. Bc2 Nb6 20. b3 Bc8 21. Rf1 Bg7
22. f4 Nd7 23. f5 Nf8 24. f6 Bh8 25. Rf4 Qg5 26. Re4 Qxg3 27. hxg3 dxe4 28.
Bxh6 Ne6 29. Qxe4 Nc7 30. Qh4 Nd5 31. Kf2 Be6 32. Rh1 1-0

[Event "Foxwoods Open"]
[Site "Ledyard, CT"]
[Date "2009.04.08"]
[Round "1"]
[White "Mason, Mike W"]
[Black "Zhao, Parker Bi Guang"]
[Result "0-1"]
[WhiteElo "1955"]
[BlackElo "2318"]
[PlyCount "58"]
[EventDate "2009.04.??"]
[EventRounds "9"]
[EventCountry "USA"]
[Source "MonRoi"]

1. d4 d5 2. c4 c6 3. cxd5 cxd5 4. Nc3 Nf6 5. Bf4 Nc6 6. e3 a6 7. Bd3 Bg4 8.
Nge2 e6 9. O-O Be7 10. Rc1 O-O 11. a3 Rc8 12. Bg3 Na5 13. f3 Bh5 14. Nf4 Bg6
15. Qe2 Nc4 16. Nb1 b5 17. Rc2 Qd7 18. Rfc1 Rfd8 19. Be1 Bd6 20. Nxg6 hxg6 21.
a4 e5 22. axb5 axb5 23. b3 exd4 24. exd4 Re8 25. Qf1 Ne3 26. Bxb5 Bxh2+ 27. Kh1
Nxf1 28. Bxd7 Rxc2 29. Rxc2 Rxe1 0-1

[Event "Foxwoods Open"]
[Site "Ledyard, CT"]
[Date "2009.04.08"]
[Round "1"]
[White "Moriuchi, Toshiyuk"]
[Black "Pressman, Leif"]
[Result "0-1"]
[WhiteElo "2405"]
[BlackElo "2176"]
[PlyCount "58"]
[EventDate "2009.04.??"]
[EventRounds "9"]
[EventCountry "USA"]
[Source "MonRoi"]

1. e4 e5 2. Nf3 Nc6 3. Bc4 Nf6 4. d3 Bc5 5. O-O d6 6. c3 Bb6 7. Re1 h6 8. Bb3
O-O 9. Na3 Re8 10. Nc4 Be6 11. Nxb6 axb6 12. Bxe6 Rxe6 13. c4 Re8 14. Bd2 Qd7
15. Bc3 Ne7 16. d4 Ng6 17. h3 Qc6 18. Nd2 exd4 19. Bxd4 Nxe4 20. Nf1 Ng5 21.
Ne3 Nf4 22. f3 Nfxh3+ 23. Kh2 Nf4 24. Nf5 Nfe6 25. b3 Ra5 26. Rxe6 Nxe6 27. g4
Rxf5 28. gxf5 Nxd4 29. Qxd4 Qxf3 0-1

[Event "Foxwoods Open"]
[Site "Ledyard, CT"]
[Date "2009.04.08"]
[Round "1"]
[White "Morshedi, Ali"]
[Black "Van Wely, Loek"]
[Result "0-1"]
[WhiteElo "2284"]
[BlackElo "2730"]
[PlyCount "46"]
[EventDate "2009.04.??"]
[EventRounds "9"]
[EventCountry "USA"]
[Source "MonRoi"]

1. e4 c5 2. Nf3 e6 3. d4 cxd4 4. Nxd4 Nf6 5. Nc3 d6 6. Be3 a6 7. f3 b5 8. Qd2
Nbd7 9. g4 h6 10. h4 b4 11. Nce2 d5 12. Bh3 Ne5 13. g5 Nc4 14. Qd3 Nd7 15. Nf4
Nde5 16. Qe2 hxg5 17. hxg5 Nxe3 18. Qxe3 Qxg5 19. Nxd5 Qxe3+ 20. Nxe3 Bc5 21.
O-O-O Nxf3 22. Nd5 exd5 23. Bd7+ Kxd7 0-1

[Event "Foxwoods Open"]
[Site "Ledyard, CT"]
[Date "2009.04.08"]
[Round "1"]
[White "Odeh, Kenneth"]
[Black "Rogers, Norman"]
[Result "*"]
[WhiteElo "1865"]
[BlackElo "2300"]
[PlyCount "86"]
[EventDate "2009.04.??"]
[EventRounds "9"]
[EventCountry "USA"]
[Source "MonRoi"]

1. e4 c6 2. d4 g6 3. Bd3 d5 4. e5 Na6 5. c3 Bf5 6. Bxa6 bxa6 7. Nd2 h5 8. h4 e6
9. Qa4 Qb6 10. b4 Be7 11. Ne2 Nh6 12. Nb3 Bd3 13. Bxh6 Rxh6 14. Nc5 Bc4 15. g3
Rb8 16. Qc2 a5 17. O-O Rh8 18. Rfb1 Qc7 19. Nf4 axb4 20. cxb4 Bxc5 21. bxc5 Kd7
22. Nh3 Qa5 23. Ng5 Ke7 24. Rb2 Qa6 25. Qc3 Bd3 26. Rb3 Bf5 27. Ra3 Qb7 28. Re1
Ra8 29. Qa5 Rhc8 30. Ree3 Qc7 31. Qa6 Rcb8 32. Reb3 Be4 33. Kh2 f6 34. exf6+
Kxf6 35. Rxb8 Rxb8 36. Qxa7 Rc8 37. Qb6 Qxb6 38. cxb6 e5 39. dxe5+ Kxe5 40. Rb3
c5 41. a4 c4 42. Rb5 c3 43. a5 Rb8 *

[Event "Foxwoods Open"]
[Site "Ledyard, CT"]
[Date "2009.04.08"]
[Round "1"]
[White "Shankland, Samuel"]
[Black "Strenzwilk, Denis"]
[Result "1-0"]
[WhiteElo "2477"]
[BlackElo "2200"]
[PlyCount "83"]
[EventDate "2009.04.??"]
[EventRounds "9"]
[EventCountry "USA"]
[Source "MonRoi"]

1. e4 c5 2. Nf3 Nc6 3. d4 cxd4 4. Nxd4 e5 5. Nb5 d6 6. Bc4 Be7 7. Be3 Nf6 8. f3
O-O 9. O-O a6 10. N5c3 Be6 11. Nd5 Bxd5 12. Bxd5 Rc8 13. Nc3 Nd7 14. Qd2 Nc5
15. Rfd1 Ne6 16. Kh1 Kh8 17. Bb3 Ned4 18. Nd5 f5 19. exf5 Nxf5 20. Bb6 Qd7 21.
c3 Bd8 22. Bc2 Qf7 23. Bf2 Nce7 24. Nxe7 Bxe7 25. Qd5 Qxd5 26. Rxd5 g6 27. Rad1
Kg7 28. a4 Rc6 29. Be4 Rc4 30. a5 Rfc8 31. R5d3 R4c7 32. g4 Nh6 33. Bb6 Rd7 34.
Bd5 Rf8 35. Be6 Rdd8 36. Bxd8 Rxd8 37. c4 Kf6 38. Bd5 Rb8 39. Rb3 e4 40. Bxe4
Rc8 41. Rxb7 g5 42. Bd5 1-0

[Event "Foxwoods Open"]
[Site "Ledyard, CT"]
[Date "2009.04.08"]
[Round "1"]
[White "Stopa, Jacek"]
[Black "Bady, Glenn"]
[Result "1-0"]
[WhiteElo "2557"]
[BlackElo "2233"]
[PlyCount "55"]
[EventDate "2009.04.??"]
[EventRounds "9"]
[EventCountry "USA"]
[Source "MonRoi"]

1. e4 c5 2. Nf3 d6 3. d4 cxd4 4. Nxd4 Nf6 5. Nc3 a6 6. Bg5 e6 7. f4 Qb6 8. Qd2
Qxb2 9. Rb1 Qa3 10. f5 Nc6 11. fxe6 fxe6 12. Nxc6 bxc6 13. e5 dxe5 14. Bxf6
gxf6 15. Ne4 Be7 16. Be2 h5 17. Rf1 Qxa2 18. Rd1 Qd5 19. Qe3 Qa5+ 20. c3 f5 21.
Qg3 Bd7 22. Qg6+ Kd8 23. Qxe6 Ra7 24. Rxf5 Re8 25. Qxc6 Qc7 26. Qg6 Kc8 27. Kf1
Qc6 28. Qxc6+ 1-0

[Event "Foxwoods Open"]
[Site "Ledyard, CT"]
[Date "2009.04.08"]
[Round "1"]
[White "Thompson, Buddy"]
[Black "Yang, Darwin"]
[Result "0-1"]
[WhiteElo "1932"]
[BlackElo "2313"]
[PlyCount "80"]
[EventDate "2009.04.??"]
[EventRounds "9"]
[EventCountry "USA"]
[Source "MonRoi"]

1. d4 d5 2. c4 c6 3. Nf3 Nf6 4. cxd5 cxd5 5. Bf4 Nc6 6. Nc3 a6 7. e3 Bf5 8. Ne5
Rc8 9. g4 Nxe5 10. dxe5 Nxg4 11. f3 Nh6 12. Qxd5 Qxd5 13. Nxd5 e6 14. Nc3 Bb4
15. e4 Rxc3 16. bxc3 Bxc3+ 17. Ke2 Bxa1 18. Bxh6 gxh6 19. exf5 Bxe5 20. fxe6
fxe6 21. Bh3 Ke7 22. Rb1 b5 23. Rb4 Rf8 24. Re4 Kd6 25. a4 Rf4 26. axb5 axb5
27. Rxf4 Bxf4 28. Kd3 Bxh2 29. Kc3 e5 30. Kb4 Kd5 31. Bf5 Kd4 32. Kxb5 Ke3 33.
Bg4 Kf4 34. Bh5 Kg5 35. Bf7 h5 36. Kc4 h4 37. Kd3 Kf4 38. Ke2 Kg3 39. Bd5 Bg1
40. Kf1 Bc5 0-1

[Event "Foxwoods Open"]
[Site "Ledyard, CT"]
[Date "2009.04.09"]
[Round "2"]
[White "Becerra Rivero, Julio"]
[Black "Lee, Michael"]
[Result "1-0"]
[WhiteElo "2672"]
[BlackElo "2385"]
[PlyCount "71"]
[EventDate "2009.04.??"]
[EventRounds "9"]
[EventCountry "USA"]
[Source "MonRoi"]

1. e4 c5 2. Nf3 Nc6 3. d4 cxd4 4. Nxd4 e5 5. Nb5 d6 6. N1c3 a6 7. Na3 b5 8. Nd5
Nge7 9. g3 Nxd5 10. exd5 Ne7 11. Bg2 g6 12. c4 Rb8 13. O-O Bg7 14. cxb5 axb5
15. Nc2 O-O 16. Nb4 Bd7 17. Bd2 Qb6 18. Bg5 Nf5 19. Rc1 e4 20. Bxe4 Bxb2 21.
Rc2 Bg7 22. Nc6 Rbe8 23. Qd3 h6 24. Bf4 Be5 25. Bd2 Bg7 26. Ba5 Qa6 27. Bb4 Qa4
28. a3 Kh7 29. Rd2 Rc8 30. g4 Nh4 31. Qg3 Bf6 32. Qxd6 Bg5 33. f4 Bxc6 34. fxg5
Ba8 35. Qe7 Kg8 36. gxh6 1-0

[Event "Foxwoods Open"]
[Site "Ledyard, CT"]
[Date "2009.04.09"]
[Round "2"]
[White "Christiansen, Natasha"]
[Black "Tan, Oscar"]
[Result "0-1"]
[WhiteElo "1865"]
[BlackElo "2236"]
[PlyCount "68"]
[EventDate "2009.04.??"]
[EventRounds "9"]
[EventCountry "USA"]
[Source "MonRoi"]

1. e4 e6 2. d4 b6 3. Nf3 Bb7 4. Bd3 Nf6 5. Qe2 c5 6. c3 d5 7. e5 Nfd7 8. Bg5
Be7 9. Bxe7 Qxe7 10. O-O Nc6 11. a3 g5 12. Qe3 g4 13. Ne1 O-O-O 14. b4 cxd4 15.
cxd4 f6 16. f4 gxf3 17. Nxf3 fxe5 18. Nxe5 Ncxe5 19. dxe5 Qg7 20. Nd2 Qxe5 21.
Rac1+ Kb8 22. Rfe1 Qxe3+ 23. Rxe3 e5 24. Bb5 e4 25. Rec3 d4 26. Rc7 Ne5 27. Re7
Ng6 28. Rg7 Rc8 29. Nc4 Rhf8 30. Rxh7 a6 31. Bd7 Rc7 32. Bf5 Rxh7 33. Bxg6 Rc7
34. g3 b5 0-1

[Event "Foxwoods Open"]
[Site "Ledyard, CT"]
[Date "2009.04.09"]
[Round "2"]
[White "Dougherty, Michael"]
[Black "West, Jonathan"]
[Result "1-0"]
[WhiteElo "2263"]
[BlackElo "1992"]
[PlyCount "59"]
[EventDate "2009.04.??"]
[EventRounds "9"]
[EventCountry "USA"]
[Source "MonRoi"]

1. Nf3 e6 2. d4 Nf6 3. e3 b6 4. Bd3 Ba6 5. c4 d5 6. b3 Nbd7 7. O-O Bd6 8. Bb2
O-O 9. Ne5 Bb7 10. Nd2 Bxe5 11. dxe5 Ne4 12. Bxe4 dxe4 13. Qg4 Nc5 14. Rfd1 Qe7
15. Nf1 Rfd8 16. Ng3 h6 17. h4 Kh7 18. Ba3 f5 19. exf6 gxf6 20. Bxc5 bxc5 21.
Qf4 Rg8 22. Rd2 f5 23. Rad1 Bc6 24. Qe5 Raf8 25. Ne2 f4 26. Nxf4 Rf6 27. g3 Rg4
28. Rd8 Qf7 29. Rc8 Rg7 30. Rdd8 1-0

[Event "Foxwoods Open"]
[Site "Ledyard, CT"]
[Date "2009.04.09"]
[Round "2"]
[White "Friedel, Joshua"]
[Black "Coleman, Teddy"]
[Result "1-0"]
[WhiteElo "2568"]
[BlackElo "2313"]
[PlyCount "71"]
[EventDate "2009.04.??"]
[EventRounds "9"]
[EventCountry "USA"]
[Source "MonRoi"]

1. d4 d5 2. c4 c6 3. Nf3 Nf6 4. Nc3 e6 5. Bg5 h6 6. Bxf6 Qxf6 7. g3 Nd7 8. Bg2
dxc4 9. O-O g6 10. e3 Bg7 11. Qe2 e5 12. d5 Nb6 13. Nd2 cxd5 14. Nxd5 Nxd5 15.
Bxd5 O-O 16. Nxc4 Be6 17. Rfd1 Bxd5 18. Rxd5 e4 19. Rad1 Rad8 20. b3 Rxd5 21.
Rxd5 b5 22. Nd2 Qa1+ 23. Kg2 Qxa2 24. Qxb5 Qc2 25. Rd7 Bb2 26. Qd5 Bc1 27. Nxe4
Bxe3 28. Nf6+ Kg7 29. Ng4 Bg5 30. h4 Qf5 31. hxg5 Qxg4 32. Qe5+ Kh7 33. gxh6
Kxh6 34. Rd4 f6 35. Qe3+ Qg5 36. Qe7 1-0

[Event "Foxwoods Open"]
[Site "Ledyard, CT"]
[Date "2009.04.09"]
[Round "2"]
[White "Hess, Robert"]
[Black "Odeh, Kenneth"]
[Result "1-0"]
[WhiteElo "2545"]
[BlackElo "1865"]
[PlyCount "95"]
[EventDate "2009.04.??"]
[EventRounds "9"]
[EventCountry "USA"]
[Source "MonRoi"]

1. e4 c6 2. Nc3 d5 3. Nf3 dxe4 4. Nxe4 Bg4 5. h3 Bxf3 6. Qxf3 e6 7. b3 Nf6 8.
Nxf6+ Qxf6 9. Qxf6 gxf6 10. Bb2 Nd7 11. Be2 Rg8 12. O-O f5 13. Rad1 Bg7 14. d4
a6 15. Bf3 Nf6 16. Rfe1 O-O-O 17. c4 Ne4 18. b4 Ng5 19. Bh5 Rd7 20. Ba1 Bh8 21.
Kf1 Rgd8 22. f3 e5 23. d5 cxd5 24. Rxd5 Rxd5 25. cxd5 Rd6 26. f4 Rh6 27. Be2
Ne4 28. fxe5 Rh4 29. Bd3 Rf4+ 30. Kg1 Bg7 31. Rf1 Bh6 32. Rxf4 Bxf4 33. g4 Be3+
34. Kg2 Bd2 35. gxf5 Nc3 36. Bxc3 Bxc3 37. e6 fxe6 38. fxe6 Bxb4 39. Bxh7 Kc7
40. Kf3 Be7 41. Kg4 Kd6 42. Be4 b5 43. h4 Ke5 44. h5 Kf6 45. h6 a5 46. h7 Kg7
47. Kf5 Bd6 48. h8=Q+ 1-0

[Event "Foxwoods Open"]
[Site "Ledyard, CT"]
[Date "2009.04.09"]
[Round "2"]
[White "Ippolito, Dean"]
[Black "Kudryavtsev, Vadim"]
[Result "1-0"]
[WhiteElo "2515"]
[BlackElo "2196"]
[PlyCount "51"]
[EventDate "2009.04.??"]
[EventRounds "9"]
[EventCountry "USA"]
[Source "MonRoi"]

1. d4 Nf6 2. c4 g6 3. Nf3 Bg7 4. g3 O-O 5. Bg2 c6 6. Nc3 d5 7. Qb3 dxc4 8. Qxc4
Nd5 9. O-O Nxc3 10. bxc3 Nd7 11. Rd1 e5 12. a4 Nb6 13. Qd3 exd4 14. cxd4 Re8
15. e4 c5 16. a5 Nd7 17. Bg5 Bf6 18. Bxf6 Nxf6 19. e5 Bf5 20. Qa3 Nd7 21. dxc5
Qe7 22. Nd4 Bg4 23. f3 Be6 24. c6 Qxa3 25. Rxa3 bxc6 26. Nxe6 1-0

[Event "Foxwoods Open"]
[Site "Ledyard, CT"]
[Date "2009.04.09"]
[Round "2"]
[White "Iwu, Okechukwu"]
[Black "Casassa, Jerry A"]
[Result "1-0"]
[WhiteElo "2203"]
[BlackElo "1371"]
[PlyCount "39"]
[EventDate "2009.04.??"]
[EventRounds "9"]
[EventCountry "USA"]
[Source "MonRoi"]

1. Nf3 c5 2. c4 g6 3. e4 Bg7 4. d4 Nc6 5. d5 Nd4 6. Nbd2 d6 7. Nxd4 Bxd4 8. Bd3
e6 9. O-O Ne7 10. Kh1 O-O 11. Rb1 Bd7 12. Nf3 Rc8 13. Nxd4 cxd4 14. Bh6 Re8 15.
Bg5 f5 16. exf5 exf5 17. Bf6 Qa5 18. Bxd4 Qxa2 19. Ra1 Qb3 20. Qxb3 1-0

[Event "Foxwoods Open"]
[Site "Ledyard, CT"]
[Date "2009.04.09"]
[Round "2"]
[White "Lucente, Mike"]
[Black "Weeramantry, Sunil"]
[Result "0-1"]
[WhiteElo "2010"]
[BlackElo "2235"]
[PlyCount "52"]
[EventDate "2009.04.??"]
[EventRounds "9"]
[EventCountry "USA"]
[Source "MonRoi"]

1. d4 Nf6 2. Bg5 Ne4 3. Bf4 c5 4. f3 Nf6 5. d5 d6 6. e4 g6 7. Qd2 Nbd7 8. Nc3
a6 9. a4 b6 10. Bc4 Bg7 11. Bh6 Bxh6 12. Qxh6 Ne5 13. Be2 Rg8 14. f4 Neg4 15.
Qh4 h6 16. Bxg4 g5 17. Qxh6 Nxg4 18. Qh7 Nf6 19. Qh6 gxf4 20. Kf1 Rb8 21. Nf3
b5 22. axb5 axb5 23. e5 dxe5 24. Nxe5 b4 25. Nc6 Qd6 26. Ne2 Qxd5 0-1

[Event "Foxwoods Open"]
[Site "Ledyard, CT"]
[Date "2009.04.09"]
[Round "2"]
[White "McNiece, Brian M"]
[Black "Kis, Lorand B"]
[Result "0-1"]
[WhiteElo "1974"]
[BlackElo "2234"]
[PlyCount "76"]
[EventDate "2009.04.??"]
[EventRounds "9"]
[EventCountry "USA"]
[Source "MonRoi"]

1. Nf3 g6 2. d4 Nf6 3. c4 Bg7 4. Nc3 O-O 5. e4 d6 6. Be2 e5 7. dxe5 dxe5 8. O-O
Nbd7 9. Be3 c6 10. Rc1 Nh5 11. Qd2 Qc7 12. g3 Ndf6 13. Rfd1 Ng4 14. Bf1 Nxe3
15. Qxe3 h6 16. Rd2 Be6 17. Rcd1 a5 18. b3 Rfd8 19. Na4 Rxd2 20. Rxd2 Re8 21.
Nc5 Bc8 22. Nd3 b6 23. Bg2 Bf8 24. h3 Kh7 25. Kh2 Nf6 26. c5 b5 27. Nfxe5 Rxe5
28. Nxe5 Qxe5 29. Rd8 Bxc5 30. Qf3 Be6 31. h4 a4 32. Qd3 axb3 33. axb3 Bxf2 34.
Qf3 Bb6 35. Rd3 Nh5 36. Bh3 Nf6 37. Bxe6 Qxe6 38. Qd1 Ng4+ 0-1

[Event "Foxwoods Open"]
[Site "Ledyard, CT"]
[Date "2009.04.09"]
[Round "2"]
[White "Melekhina, Alisa"]
[Black "Perelshteyn, Eugene"]
[Result "0-1"]
[WhiteElo "2322"]
[BlackElo "2599"]
[PlyCount "80"]
[EventDate "2009.04.??"]
[EventRounds "9"]
[EventCountry "USA"]
[Source "MonRoi"]

1. e4 c5 2. Nc3 g6 3. g3 Bg7 4. Bg2 Nc6 5. d3 d6 6. Be3 Nf6 7. h3 O-O 8. Qd2
Nd4 9. Nce2 e5 10. c3 Nc6 11. f4 Re8 12. Nf3 exf4 13. gxf4 c4 14. Ng3 cxd3 15.
Qxd3 Nxe4 16. Nxe4 Bf5 17. Nfg5 d5 18. O-O-O h6 19. Qb5 hxg5 20. Rxd5 Qc7 21.
Rxf5 gxf5 22. Qxf5 gxf4 23. Bxf4 Ne5 24. Kb1 Rad8 25. Bg5 Qd7 26. Qxd7 Rxd7 27.
Re1 Kf8 28. h4 Nc4 29. Rf1 Rd3 30. Kc2 Re3 31. b3 Re2+ 32. Kd3 Rxg2 33. bxc4
Re6 34. c5 Kg8 35. a4 Rg4 36. Nd6 Rg3+ 37. Kc2 Rxc3+ 38. Kd2 Rxc5 39. Nf5 Rd5+
40. Kc2 Rc6+ 0-1

[Event "Foxwoods Open"]
[Site "Ledyard, CT"]
[Date "2009.04.09"]
[Round "2"]
[White "Pamatmat, Jarod"]
[Black "Figler, Ilya"]
[Result "1-0"]
[WhiteElo "2165"]
[BlackElo "2269"]
[PlyCount "53"]
[EventDate "2009.04.??"]
[EventRounds "9"]
[EventCountry "USA"]
[Source "MonRoi"]

1. d4 e6 2. c4 Bb4+ 3. Bd2 Qe7 4. Nf3 Nf6 5. g3 Ne4 6. a3 Bxd2+ 7. Nbxd2 Nxd2
8. Qxd2 a5 9. Bg2 a4 10. O-O d6 11. e4 e5 12. d5 Na6 13. Qc3 Nc5 14. Nd2 f5 15.
f4 exf4 16. Rae1 O-O 17. exf5 Qg5 18. Rxf4 Bxf5 19. Nf3 Qh6 20. Nd4 Bd7 21.
Rxf8+ Rxf8 22. Ne6 Bxe6 23. dxe6 Re8 24. e7 c6 25. Qf3 Qf6 26. Qxf6 gxf6 27.
Bf3 1-0

[Event "Foxwoods Open"]
[Site "Ledyard, CT"]
[Date "2009.04.09"]
[Round "2"]
[White "Pressman, Leif"]
[Black "Sarkar, Justin"]
[Result "1/2-1/2"]
[WhiteElo "2176"]
[BlackElo "2452"]
[PlyCount "41"]
[EventDate "2009.04.??"]
[EventRounds "9"]
[EventCountry "USA"]
[Source "MonRoi"]

1. e4 c5 2. Nf3 e6 3. d4 cxd4 4. Nxd4 a6 5. Bd3 Nf6 6. O-O e5 7. Nb3 d6 8. N1d2
Be7 9. a4 O-O 10. Qe2 Be6 11. Nc4 Nbd7 12. f4 exf4 13. Bxf4 d5 14. exd5 Nxd5
15. Nd4 Bc5 16. Kh1 Bxd4 17. Qe4 N7f6 18. Qxd4 Nb4 19. Nd6 Nxd3 20. Qxd3 Nd5
21. Bg3 1/2-1/2

[Event "Foxwoods Open"]
[Site "Ledyard, CT"]
[Date "2009.04.09"]
[Round "2"]
[White "Privman, Boris"]
[Black "Mason, Mike W"]
[Result "1/2-1/2"]
[WhiteElo "2235"]
[BlackElo "1955"]
[PlyCount "33"]
[EventDate "2009.04.??"]
[EventRounds "9"]
[EventCountry "USA"]
[Source "MonRoi"]

1. d4 Nf6 2. c4 c5 3. Nf3 cxd4 4. Nxd4 e5 5. Nb5 d5 6. cxd5 Bc5 7. e3 O-O 8.
N5c3 e4 9. Be2 Nbd7 10. Nd2 Re8 11. Nb3 Bd6 12. Nd4 Nb6 13. Qb3 Nfxd5 14. Nxd5
Nxd5 15. Bd2 Nb6 16. O-O-O Qe7 17. Kb1 1/2-1/2

[Event "Foxwoods Open"]
[Site "Ledyard, CT"]
[Date "2009.04.09"]
[Round "2"]
[White "Rogers, Norman"]
[Black "Cardona, Liulia"]
[Result "1-0"]
[WhiteElo "2300"]
[BlackElo "2181"]
[PlyCount "59"]
[EventDate "2009.04.??"]
[EventRounds "9"]
[EventCountry "USA"]
[Source "MonRoi"]

1. e4 e5 2. Nf3 d6 3. Bc4 Be7 4. d4 exd4 5. Nxd4 Nf6 6. Nc3 O-O 7. O-O a6 8. a4
Nc6 9. Nf5 Bxf5 10. exf5 Ne5 11. Be2 d5 12. Bf4 Nc6 13. Bf3 Nb4 14. Be5 c6 15.
a5 Bd6 16. Bd4 Nd7 17. Ne2 c5 18. Bc3 Ne5 19. Bxe5 Bxe5 20. c3 Nc6 21. Qxd5 Qc7
22. Ng3 Rad8 23. Qxc5 Rd2 24. b4 Rd3 25. Rac1 Bf4 26. Rcd1 Rfd8 27. Rxd3 Rxd3
28. Re1 h6 29. Re8+ Kh7 30. Qf8 1-0

[Event "Foxwoods Open"]
[Site "Ledyard, CT"]
[Date "2009.04.09"]
[Round "2"]
[White "Rosenberg, Evan"]
[Black "Kacheishvili, Giorgi"]
[Result "0-1"]
[WhiteElo "2225"]
[BlackElo "2647"]
[PlyCount "96"]
[EventDate "2009.04.??"]
[EventRounds "9"]
[EventCountry "USA"]
[Source "MonRoi"]

1. d4 Nf6 2. Bg5 e6 3. e4 h6 4. Bxf6 Qxf6 5. c3 d5 6. Nd2 Nc6 7. Bd3 Bd7 8. Ne2
O-O-O 9. e5 Qe7 10. b4 f6 11. Nf4 Be8 12. b5 Nb8 13. O-O fxe5 14. dxe5 g5 15.
Ne2 Nd7 16. f4 Bh5 17. Nf3 Bg7 18. Kh1 Rhf8 19. Rb1 gxf4 20. Ned4 Bxf3 21. Rxf3
Nxe5 22. Qa4 Nxf3 23. Nc6 Qc5 24. Nxa7+ Kd7 25. b6+ c6 26. Nxc6 Ra8 27. Nb8+
Ke7 28. Qxa8 Qc8 29. Qa3+ Kf7 30. gxf3 Qxb8 31. Rg1 Qe5 32. Bg6+ Kf6 33. Bd3
Qe3 34. Bf1 Qxb6 35. Qa4 Qd6 36. Bd3 Kf7 37. Rb1 Rb8 38. Qa5 Kg8 39. Rg1 Kh8
40. a4 Rc8 41. Qa7 Qe7 42. Rb1 Rc7 43. Qb8+ Bf8 44. Rb6 Kg8 45. Bf1 Qc5 46.
Rxb7 Qf2 47. Bh3 Qxf3+ 48. Kg1 Qe3+ 0-1

[Event "Foxwoods Open"]
[Site "Ledyard, CT"]
[Date "2009.04.09"]
[Round "2"]
[White "Sammour Hasbun, Jorge E"]
[Black "Kelley, Dereque"]
[Result "1-0"]
[WhiteElo "2611"]
[BlackElo "2125"]
[PlyCount "47"]
[EventDate "2009.04.??"]
[EventRounds "9"]
[EventCountry "USA"]
[Source "MonRoi"]

1. e4 e5 2. Nf3 Nc6 3. Bb5 a6 4. Ba4 Nf6 5. O-O Be7 6. Re1 b5 7. Bb3 O-O 8. c3
d5 9. exd5 Nxd5 10. Nxe5 Nxe5 11. Rxe5 c6 12. g3 Bd6 13. Re1 Kh8 14. d3 f5 15.
Nd2 Ra7 16. a4 Re7 17. axb5 Rxe1+ 18. Qxe1 axb5 19. Nf3 f4 20. Bxd5 cxd5 21.
Bxf4 Bxf4 22. gxf4 Bg4 23. Ne5 Rxf4 24. Qe3 1-0

[Event "Foxwoods Open"]
[Site "Ledyard, CT"]
[Date "2009.04.09"]
[Round "2"]
[White "Shabalov, Alexander"]
[Black "Betaneli, Aleksandr"]
[Result "1-0"]
[WhiteElo "2625"]
[BlackElo "2325"]
[PlyCount "49"]
[EventDate "2009.04.??"]
[EventRounds "9"]
[EventCountry "USA"]
[Source "MonRoi"]

1. d4 d5 2. c4 e6 3. Nf3 Nf6 4. g3 c6 5. Bg2 Nbd7 6. O-O Bd6 7. Nc3 O-O 8. Nd2
Be7 9. e4 dxe4 10. Ndxe4 Nxe4 11. Nxe4 Nf6 12. Nc3 Bd7 13. Bf4 Be8 14. Qb3 b6
15. Rad1 Bd6 16. Be5 Rc8 17. Rfe1 Qc7 18. Bxf6 gxf6 19. d5 Be5 20. f4 Bxc3 21.
Qxc3 Qe7 22. d6 Qd8 23. b4 c5 24. b5 Bd7 25. g4 1-0

[Event "Foxwoods Open"]
[Site "Ledyard, CT"]
[Date "2009.04.09"]
[Round "2"]
[White "Vigorito, David"]
[Black "Pozarek, Steven J"]
[Result "1-0"]
[WhiteElo "2453"]
[BlackElo "2165"]
[PlyCount "79"]
[EventDate "2009.04.??"]
[EventRounds "9"]
[EventCountry "USA"]
[Source "MonRoi"]

1. d4 Nf6 2. c4 e6 3. Nc3 Bb4 4. Qc2 O-O 5. a3 Bxc3+ 6. Qxc3 d6 7. Bg5 Nbd7 8.
e3 Qe7 9. Bd3 e5 10. Ne2 Re8 11. O-O h6 12. Bh4 Nf8 13. h3 e4 14. Bc2 Bf5 15.
Qd2 g5 16. Bg3 Ng6 17. Nc3 Qd7 18. f3 Nh4 19. Bxh4 gxh4 20. fxe4 Nxe4 21. Bxe4
Bxe4 22. Rf4 Bg6 23. Nd5 Re6 24. Nf6+ Rxf6 25. Rxf6 Re8 26. Qf2 Re4 27. Rf4 Qe7
28. Re1 Kg7 29. Qf3 c6 30. Rxe4 Bxe4 31. Qg4+ Bg6 32. Qf4 Be4 33. b4 f5 34. Kh2
Kh7 35. Rg1 d5 36. c5 Qf6 37. Qc7+ Kg6 38. g3 Kh5 39. gxh4 Kxh4 40. Qg7 1-0